000 01095nam a2200289Ia 4500
001 ebr10202484
003 CaPaEBR
006 m u
007 cr cn|||||||||
008 070512s2007 enk sb 000 0 eng d
020 _z9781841501703
020 _z1841501700
040 _aCaPaEBR
_cCaPaEBR
035 _a(OCoLC)647686210
050 1 4 _aPN3171
_b.W66 2007eb
100 1 _aWooster, Roger.
245 1 0 _aContemporary theatre in education
_h[electronic resource] /
_cRoger Wooster.
260 _aBristol, UK ;
_aChicago, USA :
_bIntellect,
_c2007.
300 _aviii, 160 p.
504 _aIncludes bibliographical references (p. 150-159).
533 _aElectronic reproduction.
_bPalo Alto, Calif. :
_cebrary,
_d2009.
_nAvailable via World Wide Web.
_nAccess may be limited to ebrary affiliated libraries.
650 0 _aDrama in education.
650 0 _aAmateur theater.
655 7 _aElectronic books.
_2local
710 2 _aebrary, Inc.
856 4 0 _uhttp://site.ebrary.com/lib/rucke/Doc?id=10202484
_zAn electronic book accessible through the World Wide Web; click to view
999 _c222205
_d222205